00707nam a2200205Ia 4500003000900000008004100009020001800050040001600068080001600084110003500100245012900135250001300264260004400277300001100321650003600332650001900368942000700387999001500394952009200409IN-BaIIA211028s9999 xx 000 0 eng d a0-85229-413-1 cIIA Library a031bEBR-18 aEncyclopedia Britannica910946 4aThe New Encyclopaedia Britannica in 30 volumes : Micropaediabvol. XVIII, Ready Reference and IndexcEncyclopedia Britannica a15th ed. aChicagobEncyclopaedia Britannicac1984 a1106p. aEncyclopedia-Macropaedia913721 aNASA Thesaurus cBK c8167d8167 00104070aBANbBANcGENd1985-03-19l0o031/ EBR-18p9006r2021-11-05w1985-03-19yBK